Villes de France avec une mauvaise description #2 - Statistiques

Statistiques générales
  • Ce quiz a été pris 99 fois
  • Le résultat moyen est 8 sur 15
Statistiques - réponses
Hint Réponse % Correct
7 Sète
87%
3 Troyes
87%
Ville qui multiplie Foix
74%
J'ai mangé trop de pruneaux je suisdevenu malade Agen
70%
Mon ami m'avait dit qu'il est Damienmais pourtant il s'appelle Robert Amiens
62%
Résultat des trois dernières cases (numéro) 21
59%
J'y étais calé Calais
59%
Je suis allé dans le nord mais il avaitun nom bizarre. Et il est dans les Deux-Sèvres. C'est moins bien Niort
57%
On m'a dit que il y avait des vieux porcs,et en effet c'était sale Marseille
48%
Même mieux : j'y étais à l'aise Alès
33%
Une ville industrielle moche du 71 Le Creusot / Montceau les mines
30%
J'ai cru que j'allais au cirque maisil y en avait pas Lyon
26%
On m'a dit de me rincer les mains Reims
26%
Le chateau d'Ed Sheeran Chateauroux
21%
Mon avocat m'a dit que j'avais besoind'un bon Albi
14%
Aucun quiz correspondant
Distribution des résultats
% des personnes avec chaque résultat
Percentile par nombre de réponses
Votre historique - résultats
Vous n’avez pas pris ce quiz